El libro de los niños /
Enregistré dans:
| Auteur principal: | |
|---|---|
| Autres auteurs: | |
| Format: | Livre |
| Langue: | espagnol |
| Publié: |
Barcelona, España :
Lumen,
2010, c2010
|
| Collection: | (Lumen Futura)
|
| Sujets: | |
| Tags: |
Pas de tags, Soyez le premier à ajouter un tag!
|
MARC
| LEADER | 00000nam^a2200000^a^4500 | ||
|---|---|---|---|
| 001 | 000318139 | ||
| 005 | 20250521000000.0 | ||
| 009 | 20260310113405.035 | ||
| 020 | |a 978-84-264-1773-2 | ||
| 037 | |a Acervo ITESO - Biblioteca | ||
| 041 | |a ESP | ||
| 082 | |a 823. |b BYA | ||
| 100 | |a Byatt, A.S. |e (autor) | ||
| 245 | 1 | 3 | |a El libro de los niños / |c A.S. Byatt ; tr. por M. Temprano García. |
| 264 | 4 | |a Barcelona, España : |b Lumen, |c 2010, c2010 | |
| 300 | |a 954 p. | ||
| 336 | |a texto |b txt |2 rdacontenido | ||
| 337 | |a sin mediación |b n |2 rdamedio | ||
| 338 | |a volumen |b nc |2 rdasoporte | ||
| 440 | 1 | |a (Lumen Futura) | |
| 500 | |a Traducción de: The Children's Book | ||
| 586 | |a Premio Booker 2009 (finalista) | ||
| 649 | |a XX | ||
| 650 | |a Escritores en la Literatura | ||
| 650 | |a Niños en la Literatura | ||
| 650 | |a Familia en la Literatura | ||
| 650 | |a Clase Alta en la Literatura | ||
| 650 | |a Clase Alta - |z Inglaterra - |x Historia - |y Siglo XX | ||
| 650 | |a Sagas Modernas - |z Inglaterra | ||
| 650 | |a Novela de Iniciación - |z Inglaterra | ||
| 650 | |a Novela Inglesa | ||
| 650 | |a Literatura en la Literatura | ||
| 650 | |a Literatura de Mujeres - |z Inglaterra | ||
| 650 | |a Literatura Infantil - |z Inglaterra - |x Historia y Crítica | ||
| 650 | |a Literatura Inglesa - |y Siglo XXI | ||
| 650 | |a Casas de Campo en la Literatura | ||
| 650 | |a Relaciones Padres-Hijos | ||
| 650 | |a Relaciones Familiares | ||
| 650 | |a Secretos Personales | ||
| 650 | |a Fabianismo - |z Inglaterra - |x Historia - |y Siglo XX | ||
| 650 | |a Inglaterra - |x Historia - |y Victoria I, 1837-1901 | ||
| 650 | |a Inglaterra - |x Historia - |y Eduardo VII, 1901-1910 | ||
| 650 | |a Inglaterra - |x Historia - |y Jorge V, 1910-1936 | ||
| 650 | |a Inglaterra - |x Historia - |y Siglo XX | ||
| 650 | |a Inglaterra - |x Historia - |y Período Victoriano y Casa de Windsor, 1837 en Adelante | ||
| 650 | |a Guerra Mundial (Primera), 1914-1918 - |x Historia | ||
| 700 | |a Temprano García, Miguel |e (traducción) | ||
| 910 | |a Fondo General | ||
| 920 | |a Impresos - Libros | ||
| 930 | |a Colección General | ||
| 940 | |a Literatura | ||
| 905 | |a 101 | ||
| 901 | |a 0500204958 |b IT1 |c LIT |i C130628 |u 20250521 | ||
| 902 | |a https://opac.biblio.iteso.mx/vufind/Record/000318139 | ||